Report of the Commission of Inquiry into the Communal Disturbances at Bhiwandi, Jalgaon and Mahad in May 1970 by D.P. Madon (Record no. 489613)
[ view plain ]
| 000 -LEADER | |
|---|---|
| fixed length control field | 00805cam a22001457a 4500 |
| 008 - FIXED-LENGTH DATA ELEMENTS--GENERAL INFORMATION | |
| fixed length control field | 180718b1970 xxu||||| |||| 00| 0 eng d |
| 082 ## - DEWEY DECIMAL CLASSIFICATION NUMBER | |
| Classification number | Q81x5442 M278 |
| 090 ## - LOCALLY ASSIGNED LC-TYPE CALL NUMBER (OCLC); LOCAL CALL NUMBER (RLIN) | |
| Classification number (OCLC) (R) ; Classification number, CALL (RLIN) (NR) | v.4. Part IV (chapters 53 to 79). 386+p; V.5. Part V (chapter 80 to 99). 310+p; V.6. Parts VI and VII. (chapters 100 to 106). 180+p; V.7. Appendices 166+p |
| 100 ## - MAIN ENTRY--PERSONAL NAME | |
| Personal name | Maharashtra. Commission of Inquiry into the Communal Disturbaces at Bhiwandi, Jalgaon and Mahad |
| 245 ## - TITLE STATEMENT | |
| Title | Report of the Commission of Inquiry into the Communal Disturbances at Bhiwandi, Jalgaon and Mahad in May 1970 by D.P. Madon |
| 260 ## - PUBLICATION, DISTRIBUTION, ETC. | |
| Place of publication, distribution, etc. | Bombay |
| Name of publisher, distributor, etc. | The author |
| Date of publication, distribution, etc. | 1970 |
| 300 ## - PHYSICAL DESCRIPTION | |
| Extent | 7 vols. |
| 500 ## - GENERAL NOTE | |
| General note | Library has v.1. Parts I to III (chapters 1 to 32) V.2. Part III (chapters 33 to 45). 584+p' V.3. Part III (chapters 46 to 52. 317+p; |
| 700 ## - ADDED ENTRY--PERSONAL NAME | |
| Personal name | Madan, D.P. |
| Withdrawn status | Lost status | Damaged status | Not for loan | Permanent Location | Current Location | Date acquired | Full call number | Barcode | Date last seen | Price effective from | Koha item type |
|---|---|---|---|---|---|---|---|---|---|---|---|
| Indian Institute of Public Administration | Indian Institute of Public Administration | 2018-08-04 | Q81x5442 M278 | G13057 | 2018-08-04 | 2018-08-04 | G | ||||
| Indian Institute of Public Administration | Indian Institute of Public Administration | 2018-08-04 | Q81x5442 M278 | G13056 | 2018-08-04 | 2018-08-04 | G | ||||
| Indian Institute of Public Administration | Indian Institute of Public Administration | 2018-08-04 | Q81x5442 M278 | G13055 | 2018-08-04 | 2018-08-04 | G | ||||
| Indian Institute of Public Administration | Indian Institute of Public Administration | 2018-08-04 | Q81x5442 M278 | G13054 | 2018-08-04 | 2018-08-04 | G | ||||
| Indian Institute of Public Administration | Indian Institute of Public Administration | 2018-08-04 | Q81x5442 M278 | G13053 | 2018-08-04 | 2018-08-04 | G | ||||
| Indian Institute of Public Administration | Indian Institute of Public Administration | 2018-08-04 | Q81x5442 M278 | G13052 | 2018-08-04 | 2018-08-04 | G | ||||
| Indian Institute of Public Administration | Indian Institute of Public Administration | 2018-08-04 | Q81x5442 M278 | G13051 | 2018-08-04 | 2018-08-04 | G |
